[Event "Heusenstamm Sparkassen op U14 6th"]
[Site "Heusenstamm"]
[Date "2019.11.22"]
[Round "1"]
[White "Grebe, Sabrina"]
[Black "Hott, Arthur"]
[Result "1/2-1/2"]
[WhiteElo "1030"]
[BlackElo "782"]
[PlyCount "51"]
[EventDate "2019.11.21"]
[EventType "swiss"]
[EventRounds "7"]
[EventCountry "GER"]
[SourceTitle "CBM 194 Extra"]
[Source "ChessBase"]
[SourceDate "2020.03.31"]
[SourceVersion "1"]
[SourceVersionDate "2020.03.31"]
[SourceQuality "1"]

1. e4 e5 2. Nf3 Nc6 3. Bc4 Nf6 4. d3 Bc5 5. c3 d6 6. Ng5 0-0 7. b4 Bb6 8. a4 a6 9. a5 Ba7 10. Qb3 Qe8 11. Ba3 h6 12. Nf3 b5 13. axb6 Bxb6 14. b5 axb5 15. Bxb5 Be6 16. Qb2 Ra5 17. Nbd2 Bd7 18. Nc4 Ra7 19. 0-0 Rb7 20. Nxb6 Rxb6 21. Rfe1 Qd8 22. d4 Re8 23. d5 Na7 24. c4 Bxb5 25. cxb5 Rxb5 26. Qc2 1/2-1/2

[Event "Heusenstamm Sparkassen op U14 5th"]
[Site "Heusenstamm"]
[Date "2018.11.25"]
[Round "5"]
[White "Grebe, Sabrina"]
[Black "Gaertner, Johannes"]
[Result "0-1"]
[WhiteElo "901"]
[BlackElo "1077"]
[PlyCount "58"]
[EventDate "2018.11.23"]
[EventType "swiss"]
[EventRounds "7"]
[EventCountry "GER"]
[SourceTitle "CBM 188 Extra"]
[Source "ChessBase"]
[SourceDate "2019.02.26"]
[SourceVersion "1"]
[SourceVersionDate "2019.02.26"]
[SourceQuality "1"]

1. e4 e6 2. Nf3 d5 3. exd5 exd5 4. Be2 Bd6 5. 0-0 Ne7 6. h3 Nbc6 7. Nc3 Be6 8. d4 Qd7 9. Be3 0-0-0 10. a3 h6 11. b4 Rdf8 12. Bb5 f5 13. Na4 b6 14. c3 f4 15. Bc1 g5 16. Bb2 g4 17. hxg4 Bxg4 18. c4 dxc4 19. d5 Bh3 20. Nd4 Bxg2 21. Ne6 Rhg8 22. Bg7 Bxd5 23. f3 Qxe6 24. Rf2 Rxg7+ 25. Rg2 Qe3+ 26. Kh1 Rxg2 27. Kxg2 Rg8+ 28. Kh2 Qf2+ 29. Kh1 Qg2# 0-1

[Event "Heusenstamm Sparkassen op U14 5th"]
[Site "Heusenstamm"]
[Date "2018.11.25"]
[Round "7"]
[White "Grebe, Sabrina"]
[Black "Heuberger, Melanie"]
[Result "1-0"]
[WhiteElo "901"]
[BlackElo "774"]
[PlyCount "79"]
[EventDate "2018.11.23"]
[EventType "swiss"]
[EventRounds "7"]
[EventCountry "GER"]
[SourceTitle "CBM 188 Extra"]
[Source "ChessBase"]
[SourceDate "2019.02.26"]
[SourceVersion "1"]
[SourceVersionDate "2019.02.26"]
[SourceQuality "1"]

1. e4 e5 2. Nf3 Nc6 3. Bc4 Bc5 4. c3 Nf6 5. d4 exd4 6. e5 Ng4 7. cxd4 Bb4+ 8. Nc3 Ba5 9. h3 Nh6 10. a3 Bb6 11. 0-0 0-0 12. Re1 d5 13. exd6 cxd6 14. Bg5 Qc7 15. Nb5 Qd7 16. b4 Nf5 17. d5 Ncd4 18. Nfxd4 Nh6 19. Rc1 Nf5 20. Qf3 Nxd4 21. Nxd4 Bxd4 22. Rcd1 Be5 23. Bd3 f6 24. Bf5 Qe7 25. Bf4 Bxf5 26. Qg3 Qf7 27. Qf3 Bxf4 28. Qxf4 g5 29. Qxf5 Rae8 30. a4 Re7 31. Kf1 Rfe8 32. a5 Re5 33. Qd3 Qe7 34. Rxe5 Qxe5 35. Qd2 f5 36. Qxg5+ Kh8 37. g3 Qe2+ 38. Kg2 Qxd1 39. Qxf5 Re5 40. Qf8# 1-0

[Event "Heusenstamm Sparkassen op U14 4th"]
[Site "Heusenstamm"]
[Date "2017.11.25"]
[Round "3"]
[White "Jaeger, Viktoria"]
[Black "Grebe, Sabrina"]
[Result "0-1"]
[WhiteElo "768"]
[BlackElo "811"]
[PlyCount "44"]
[EventDate "2017.11.24"]
[EventType "swiss"]
[EventRounds "5"]
[EventCountry "GER"]
[SourceTitle "EXT 2019"]
[Source "ChessBase"]
[SourceDate "2018.10.10"]
[SourceVersion "1"]
[SourceVersionDate "2018.10.10"]
[SourceQuality "1"]

1. e4 e5 2. Nf3 Nc6 3. Bc4 Bc5 4. d3 Nf6 5. Nc3 d6 6. Bg5 h6 7. Bh4 0-0 8. Qe2 Bg4 9. h3 Bh5 10. 0-0-0 Nd4 11. Qe3 Nb3+ 12. Kb1 Bxe3 13. Nd5 Bg5 14. Nxg5 hxg5 15. Bxg5 Bxd1 16. Rxd1 Na5 17. Re1 Nxc4 18. dxc4 c6 19. Nb4 c5 20. Nd5 Qa5 21. Nxf6+ gxf6 22. Bxf6 Qxe1# 0-1

[Event "Heusenstamm Sparkassen op U14 4th"]
[Site "Heusenstamm"]
[Date "2017.11.24"]
[Round "1"]
[White "Martin, Peter"]
[Black "Grebe, Sabrina"]
[Result "1-0"]
[WhiteElo "1219"]
[BlackElo "811"]
[PlyCount "143"]
[EventDate "2017.11.24"]
[EventType "swiss"]
[EventRounds "5"]
[EventCountry "GER"]
[SourceTitle "EXT 2019"]
[Source "ChessBase"]
[SourceDate "2018.10.10"]
[SourceVersion "1"]
[SourceVersionDate "2018.10.10"]
[SourceQuality "1"]

1. e4 e5 2. Nf3 Nc6 3. Bb5 Nf6 4. Nc3 Bc5 5. d3 d6 6. 0-0 0-0 7. h3 h6 8. Re1 Nd4 9. Be3 c6 10. Bc4 b5 11. Bb3 a5 12. a3 a4 13. Ba2 b4 14. axb4 Bxb4 15. Nxd4 exd4 16. Bxd4 c5 17. Be3 Re8 18. Re2 a3 19. b3 Bxc3 20. Rb1 Be6 21. Bd2 Bb2 22. c4 d5 23. cxd5 Nxd5 24. exd5 Qxd5 25. Bc1 Bd7 26. Bxb2 Bc6 27. Rxe8+ Rxe8 28. f3 axb2 29. Rxb2 Qd4+ 30. Rf2 g5 31. Qd2 f5 32. b4+ Kh7 33. bxc5 f4 34. Kh2 h5 35. Bf7 Re5 36. Bxh5 Rxc5 37. Re2 Re5 38. Rxe5 Qxe5 39. d4 Qd6 40. Qd3+ Kg7 41. Qc4 Qd7 42. Qc5 Kg8 43. Qxg5+ Kf8 44. Qxf4+ Ke7 45. Qg5+ Kf8 46. Qf6+ Kg8 47. Bf7+ Qxf7 48. Qxc6 Qf4+ 49. Kh1 Qxd4 50. Qg6+ Kf8 51. Qf5+ Ke7 52. Qe4+ Qxe4 53. fxe4 Ke6 54. Kh2 Ke5 55. Kg3 Kxe4 56. Kg4 Ke5 57. Kg5 Ke6 58. Kg6 Ke7 59. Kg7 Ke6 60. h4 Kf5 61. h5 Kg5 62. h6 Kg4 63. h7 Kg3 64. h8Q Kxg2 65. Qh4 Kf1 66. Qh2 Ke1 67. Kf6 Kd1 68. Qf2 Kc1 69. Ke5 Kd1 70. Kd4 Kc1 71. Kc3 Kb1 72. Qb2# 1-0